Statistics for Random Subnational Flags

Click here to take the quiz!

General Stats

  • This quiz has been taken 35 times
  • The average score is 12 of 25

Answer Stats

Answer% Correct
Hong Kong
92%
Faroe Islands
88%
Catalonia
79%
Gibraltar
79%
Bavaria
71%
Aruba
67%
Sardinia
67%
Brittany
58%
Maryland
58%
Niue
54%
Northern Territory
54%
South Carolina
54%
Wallonia
54%
French Polynesia
50%
District of Columbia
46%
Nunavut
46%
Harker Heights
42%
City of London
25%
Jewish Autonomous Oblast
21%
Kyoto
21%
Madeira
21%
Karelia
17%
Denver
13%
Quintana Roo
8%
Bitola
4%

Score Distribution

Percentile by Number Answered

Percent of People with Each Score

Your Score History

You have not taken this quiz